Normale Ansicht MARC-Ansicht ISBD

"Bunker" heißt jetzt auch so (Titelsatznr. 374371)

[ MARC ]
MARC-Details
000 -Satzkennung
Kontrollfeld mit fester Länge 00662nab a2200193 4500
001 - Kontrollnummer
Kontrollfeld 244442
003 - Kontrollnummer Identifier
Kontrollfeld OSt
005 - Datum und Zeit der letzten Transaktion
Kontrollfeld 20260413131733.0
007 - Feld mit fester Länge zur physischen Beschreibung - Allgemeine Information
Kontrollfeld mit fester Länge tu
008 - Feld mit fester Länge zur physischen Beschreibung - Allgemeine Angaben
Kontrollfeld mit fester Länge 260413s2020|||||||
040 ## - Katalogisierungsquelle
Original-Katalogisierungsstelle DE-2950
Übertragungsstelle DE-2950
245 00 - Titel
Titel "Bunker" heißt jetzt auch so
Zusatz zum Titel Immobilie. Das Einkaufszentrum an der Heilbronner Straße heißt jetzt nicht nur im Volksmund "Bunker". Dass der Name an der Fassade auftaucht, hat eine Vorgeschichte/
Verfasserangabe etc. Nicole Buhlau
264 ## - Produktion, Veröffentlichung, Distribution, Herstellung und Urheberrechtsvermerk
Datum der Herstellung, der Veröffentlichung, des Vertriebs oder des Urheberschutzvermerks 2026
653 ## - Indexierungsterm - Nicht normiert
Nicht-normierter Term Frankfurt (O)
653 ## - Indexierungsterm - Nicht normiert
Nicht-normierter Term Einkaufszentrum
653 ## - Indexierungsterm - Nicht normiert
Nicht-normierter Term "Bunker"
773 0# - Übergeordnete Einheit
Verknüpfungsangaben 37. Jahrgang (2026) Nr. 82 vom 09.04.2026 , S. 15 mit Foto
Titel Märkische Oderzeitung
942 ## - Zusätzliche Felder (Koha)
Klassifikation oder Aufstellungssystematik Andere/Generische Klassifikation
Koha-Medientyp Aufsätze
Exemplare
Ausgeschieden Verloren Klassifikation oder Aufstellungssystematik Beschädigt Nicht entleihbar Heimatbibliothek Aufenthaltsbibliothek Aufstellungsort Erwerbungsdatum Anzahl Ausleihen Signatur Letzte Aktivität Preis gültig von Koha-Medientyp
    Andere/Generische Klassifikation     Stadtarchiv Frankfurt (Oder) | Archivbibliothek Stadtarchiv Frankfurt (Oder) | Archivbibliothek Magazin 13/04/2026   Z2 13/04/2026 13/04/2026 Aufsätze